Science Quiz

Random Science or Biology Quiz

Pick the Male of the Species Quiz Stats

 Plays Quiz Updated Aug 7, 2018

Score 0/15 Timer 03:00
1 Play Today
Question Answer Wrong Answers
Pick the male Lion
97.8%
Lion
1.1%
Pick the male Human
97.7%
Human
1.1%
Pick the male Ring-necked Pheasant
94.6%
Ring-necked Pheasant
4.1%
Pick the male Green anole
94.6%
Green anole
4.3%
Pick the male Mandrill
94.2%
Mandrill
4.6%
Pick the male Mandarin duck
93.5%
Mandarin duck
5.2%
Pick the male Peafowl
93.3%
Peafowl
5.6%
Pick the male Bird-of-paradise
93.2%
Bird-of-paradise
5.6%
Pick the male Cardinal
89%
Cardinal
9.9%
Pick the male Small white
88.5%
Small white
10.3%
Pick the male Orangutan
83.8%
Orangutan
15.1%
Pick the male Elephant seal
81%
Elephant seal
17.8%
Pick the male Widow spider
77.9%
Widow spider
20.9%
Pick the male Agama
74.4%
Agama
24.4%
Pick the male Anglerfish
38.6%
Anglerfish
60.3%

You're not logged in!

Compare scores with friends on all Sporcle quizzes.
OR
Log In

Sporcle TV

Today on Sporcle TV


Watch our educational content, quiz creation guides, and fun videos on Sporcle TV.

Show Comments

Extras

Top Quizzes Today


Score Distribution

Your Account Isn't Verified!

In order to create a playlist on Sporcle, you need to verify the email address you used during registration. Go to your Sporcle Settings to finish the process.

Report this User

Report this user for behavior that violates our Community Guidelines.

Details: